000 00533nam a2200205Ia 4500
005 20250508151732.0
008 008 250505s9999 xx 000 0 eng d
037 _aTextual
040 _aFEDL
_beng
_cFEDL
041 _aeng
_2eng
084 _a150.195, FER
_qFEDL
100 _aFerenczi Sandor
245 0 _aSex in psychoanalysis
260 _aNew York, USA
_bBasic Books
_c1950
300 _a338p.
365 _aINR
_b20
650 _aPsychology
942 _cTEXL
_h150.195, FER
999 _c1331791
_d1331791